| 000 | 00795cam a2200181 4500 | ||
|---|---|---|---|
| 001 | L136303 | ||
| 008 | 070123n 000 0 eng u | ||
| 035 | _a(Sirsi) u136303 | ||
| 041 | 0 | _aeng | |
| 110 | 2 |
_aScottish Property Network _93513 |
|
| 245 | 0 | 0 |
_aAgency league tables _h[electronic resource] |
| 520 | _aMonthly league tables detailing current availability and transactions by agent in the main Scottish office and industrial markets. Agents are ranked by number and size of instructions and by the number and size of disposals for occupation. | ||
| 590 | _aKA | ||
| 651 | 4 |
_aScotland _y1999- |
|
| 690 | _aPROPERTY-COMMERCIAL PROPERTY-COMMERCIAL PROPERTY AGENCY | ||
| 856 | 4 | 0 |
_uhttps://www.scottishproperty.com/ _zView the item free of charge at www.scottishproperty.com/... |
| 942 | _n0 | ||
| 999 |
_c120571 _d120571 |
||